La construccin̤ social del sujeto polt̕ico femenino. Un enfoque identitario-subjetivo

Detalles Bibliográficos
Formato: eBook
Lenguaje:español
Publicado: Ciudad de Mx̌ico: Cm̀ara de Diputados, 2008
Materias:
Acceso en línea:Acceso restringido

MARC

LEADER 00000nam a22000007a 4500
005 20171026163338.0
007 cr|||| ||||
008 171026s2008 mx |||||s|||| 00||0 spa d
020 |a 978-970-819-068-8 
035 |a 20773 
040 |a vLex 
090 |c 7152  |d 7152 
100 1 |4 Vľez Bautista, Graciela 
245 1 2 |a La construccin̤ social del sujeto polt̕ico femenino. Un enfoque identitario-subjetivo  |h [Recurso electrn̤ico] /  |c Graciela Vľez Bautista 
256 |a Servicio en ln̕ea 
260 |a Ciudad de Mx̌ico:  |b Cm̀ara de Diputados,  |c 2008 
300 |a 1 recurso electrn̤ico 
506 1 |a Disponible solo en los productos indicados  |d vLex Global  |d vLex Global (Academic Edition, excluding Law Schools)  |d vLex Global (U.S. Academic Edition, Law Schools)  |d vLex Global (U.S. Academic Edition, excluding Law Schools)  |d vLex Global (Academic Edition, Law Schools) 
650 0 4 |a Derecho constitucional  |z Mx̌ico 
740 0 |a vLex Libros (Servicio en ln̕ea) 
856 4 0 |u http://vlex.com/source/construccion-social-sujeto-politico-femenino-20773  |z Acceso restringido 
942 |c BOOK 
999 0 |a Constitutional law